000 00754nam a2200229 i 4500
001 7538
003 ES-MaACL
005 20231205194444.0
007 t|
008 910303s1991 sp ||||1| spa d
020 _a84-7863-020-1
080 _a92 Cela, Camilo Jose
080 _a86(Cela,C.J.):92
100 1 _aGarcía Marquina, Francisco.
_954891
245 1 0 _aCela, masculino singular
_b: biografía íntima de C.J.C. /
_cFrancisco García Marquina.
250 _a1a ed.
260 _aBarcelona :
_bPlaza & Janés :
_bCambio 16,
_c1991.
300 _a270 p., [32] p. de fot. ;
_c23 cm.
600 1 4 _aCela, Camilo José,
_d1916-2002-
_xBiografías
_937337
852 _aES-MaACL
_jL-14887
_bR.119114
_z. - rust.
999 _c7538
_d7538